00467nam a2200133Ia 450000500170000000800410001702000150005808200150007310000190008824500850010726000350019230000130022750000930024020250620004347.0240331s9999 xx 000 0 und d a9559578901 a302.2bDIS aDissanayake, C 0aSheersha pata :b1992 varshaye sati antha Sinhala puvathpath pradana sirsha pata aBoralesgamuwabCRC Pressc1995 a138 p ., aA review of lead stories which were published by weekend newspapers during the year 1992